Statistiche per Quiz sul Belize

Clicka qui per fare il quiz!

Statistiche generali

  • Questo quiz è stato fatto 288 volte
  • Il punteggio medio è 13 su 16

Statistiche sulle risposte

HintRisposta% Corretto
Messico
97%
Seconda lingua più parlataSpagnolo
97%
Paesi confinantiGuatemala
96%
Antica civiltà nota per le piramidi, calendari e scritturaMaya
92%
Lingua ufficialeInglese
91%
Paese dal quale il Belize ottenne l'indipendenza nel 1981Regno Unito
89%
Mare che bagna il BelizeMar dei Caraibi
87%
Frutta che rappresenta il 15% delle esportazioni del BelizeBanana
83%
Moneta del BelizeDollaro del Belize
78%
CapitaleBelmopan
75%
Penisola nel quale il Belize è situatoYucatan
74%
Appena al largo della costa del Belize si può trovare la seconda ________ _______ più grande al mondo (la prima è in Australia)B{arriera} C{orallina}
72%
Tipo di catastrofe naturale che ha colpito il Belize nel 1961, distruggendo ta tanti edifici e che ha causato lo spostamento della capitale in una nuova posizioneUragano
61%
Belize è nel mondo il 6° paese col più alto tasso di __________Omicidi
59%
Gigante dolina marina, popolare destinazione per le immersioniGreat {Blue} Hole
55%
Città più popolosaBelize city
54%

Distribuzione punteggi

Percentile per numero di risposta

Percentuale di utenti per punteggio

I tuoi punteggi nel tempo

Non hai fatto questo quiz